000 00685nam a2200229Ia 4500
003 OSt
005 20220315100323.0
008 210716s2012 xx 000 0 und d
020 _a9780198061151
040 _cAIMIT LIBRARY
041 _aeng
082 _a658.87
_22
_bBAJC
100 _aBajaj, Chetan.
_923667
245 _aRetail management /
_cBy Chetan Bajaj, Rajnish Tuli and Nidhi Varma Srivastava.
250 _a2nd ed.
260 _aNew Delhi :
_bOxford University Press ,
_c2012.
300 _aXix, 772p. ;
_c24 cm.
650 _aRetailing
_923668
700 _aTuli, Rajnish.
_923669
700 _aSrivastava, Nidhi Varma.
_923670
942 _2ddc
_cBK
_e2nd
_k658.87 BAJC
999 _c207654
_d207654